Manual of diagnostic and therapeutic techniques for disorders of deglutition (Registro nro. 301416)

Detalles MARC
000 -ENCABEZADO
Número de control [NR] 01243nam a2200301Mi 4500
005 - FECHA Y HORA DE LA ÚLTIMA TRANSACCIÓN
control field 20170929092118.0
008 - DE LONGITUD FIJA DE DATOS DE ELEMENTOS - INFORMACIÓN GENERAL
Elementos de longitud fija [NR] 151027s2013 xxuad fr 001 0 eng d
020 ## - NUMERO INTERNACIONAL NORMALIZADO PARA LIBROS [R]
Número Internacional Normalizado del libro [NR] 9781461437789
035 ## - NUMERO DE CONTROL DEL SISTEMA [R]
Número de control del sistema [NR] (OCoLC)854688101
040 ## - FUENTE DE CATALOGACION [NR]
Agencia de catalogación original [NR] CO-BoUCM
Idioma de catalogación [NR] spa
Quien Cataloga Saul Niño (Modificó)
Quien Clasifica Sandra Palacio
041 0# - CODIGO DE IDIOMA [R]
Código de idioma para texto/pista de sonido o título separado [R] Inglés
060 ## - SIGNATURA TOPOGRAFICA DE LA BIBLIOTECA NACIONAL DE MEDICINA (NLM) [R]
Número clasificador [R] WI 250
245 00 - MENCION DE TITULO [NR]
Título [NR] Manual of diagnostic and therapeutic techniques for disorders of deglutition
Mención de responsabilidad, etc. [NR] Editado por Reza Shaker, Caryn Easterling, Peter C Belafsky y Gregory N. Postma
260 ## - PUBLICACION, DISTRIBUCION, ETC. (PIE DE IMPRENTA) [R]
Lugar de publicación, distribución, etc. [R] Nueva York (Estados Unidos)
Nombre del editor, distribuidor, etc. [R] Springer
Fecha de publicación, distribución, etc. [R] 2013
300 ## - DESCRIPCION FISICA [R]
Extensión [R] ix, 412 páginas
Otros detalles físicos [NR] ilustraciones, tablasy gráficos
504 ## - NOTA DE BIBLIOGRAFIA, ETC. [R]
Nota de bibliografía, etc. [NR] Incluye referencias bibliográficas e índices
650 #7 - ASIENTO SECUNDARIO DE MATERIA - TERMINO TEMATICO [R]
Término temático o nombre geográfico como elemento de entrada [NR] Trastornos de ingestión de alimentos
Subdivisión general [R] Diagnostico
9 (RLIN) 72882
650 #7 - ASIENTO SECUNDARIO DE MATERIA - TERMINO TEMATICO [R]
Término temático o nombre geográfico como elemento de entrada [NR] Trastornos de ingestión de alimentos
Subdivisión general [R] Tratamiento
9 (RLIN) 72883
650 #7 - ASIENTO SECUNDARIO DE MATERIA - TERMINO TEMATICO [R]
Término temático o nombre geográfico como elemento de entrada [NR] Gastroenterología
9 (RLIN) 7651
650 #7 - ASIENTO SECUNDARIO DE MATERIA - TERMINO TEMATICO [R]
Término temático o nombre geográfico como elemento de entrada [NR] Rehabilitación
9 (RLIN) 361
650 #7 - ASIENTO SECUNDARIO DE MATERIA - TERMINO TEMATICO [R]
9 (RLIN) 25777
Término temático o nombre geográfico como elemento de entrada [NR] Trastornos del habla
690 ## - ASUNTO AGREGADO LOCAL DE ENTRADA - TÉRMINO TEMÁTICO (OCLC, RLIN)
Acceso temático local Gastroenterología
9 (RLIN) 7651
700 1# - ASIENTO SECUNDARIO - NOMBRE PERSONAL [R]
Nombre personal [NR] Shaker, Reza
Término de relación [R] editor
9 (RLIN) 72884
700 1# - ASIENTO SECUNDARIO - NOMBRE PERSONAL [R]
Nombre personal [NR] Easterling, Caryn
Término de relación [R] editor
9 (RLIN) 72885
700 1# - ASIENTO SECUNDARIO - NOMBRE PERSONAL [R]
Nombre personal [NR] Belasky, Peter C.
Término de relación [R] editor
9 (RLIN) 72886
700 1# - ASIENTO SECUNDARIO - NOMBRE PERSONAL [R]
Nombre personal [NR] Postma, Gregory N.
Término de relación [R] editor
9 (RLIN) 72887
942 ## - ELEMENTOS DE ENTRADA AGREGADOS (KOHA)
Sistema de clasificación NLM
Tema principal Medicina
Tipo de ítem principal el descrito en 300a Libro
Edición 1
Clasificación WI 250
Parte restante de la signatura top. M294ma
Existencias
Fecha de último préstamo Total préstamos Total Renewals Signatura topográfica Código de barras Última vez visto Ejemplar Costo de reposición Price effective from Tipo de ítem Perdido Sistema de clasificación Dañado No prestable Tipo de ítem específico Suprimido Ubicación habitual Ubicación actual Localización Fecha de creación Proveedor Forma de adquisición Costo
02/03/2021 8 12 WI 250 M294ma 200028733 01/12/2025 Ej.1 163000.00 14/10/2015 Libro   DEWEY     Libro   Hospital Universitario Mayor Hospital Universitario Mayor 9no piso 14/10/2015 17 Compra 163000.00